Arrondissements d'Auvergne-Rhône-Alpes par population - Statistiques

Statistiques générales
  • Ce quiz a été pris 67 fois
  • Le résultat moyen est 22 sur 39
Statistiques - réponses
Population Arrondissement % Correct
69 1 637 827 Lyon
100%
63 362 578 Clermont-Ferrand
98%
42 425 495 Saint-Étienne
98%
38 748 885 Grenoble
96%
01 342 454 Bourg-en-Bresse
90%
74 295 647 Annecy
88%
73 287 551 Chambéry
88%
26 298 095 Valence
84%
69 255 865 Villefranche-sur-Saône
75%
42 157 642 Roanne
61%
03 126 158 Vichy
59%
38 220 438 Vienne
59%
43 96 495 Le Puy-en-Velay
57%
03 104 398 Montluçon
57%
03 104 316 Moulins
57%
42 185 892 Montbrison
53%
63 137 149 Riom
53%
15 82 237 Aurillac
51%
07 141 549 Tournon-sur-Rhône
49%
63 78 742 Issoire
47%
38 315 625 La Tour-du-Pin
47%
74 155 491 Thonon-les-Bains
47%
73 112 228 Albertville
45%
01 124 868 Belley
43%
01 93 853 Nantua
43%
07 86 154 Privas
43%
74 197 873 Saint-Julien-en-Genevois
43%
43 85 960 Yssingeaux
41%
74 192 471 Bonneville
39%
43 44 829 Brioude
39%
01 102 027 Gex
39%
26 68 574 Die
37%
26 152 789 Nyons
37%
63 56 245 Thiers
37%
07 103 712 Largentière
35%
15 36 904 Saint-Flour
33%
15 25 085 Mauriac
29%
63 27 571 Ambert
27%
73 42 689 Saint-Jean-de-Maurienne
27%
Aucun quiz correspondant
Distribution des résultats
% des personnes avec chaque résultat
Percentile par nombre de réponses
Votre historique - résultats
Vous n’avez pas pris ce quiz